000 00303nam a2200121Ia 4500
008 190216s9999||||xx |||||||||||||| ||und||
100 _a"Gerasimov,Dreving,Eremin E&Amp;Kisenev K"
245 0 _aPhysical Chemistry
260 _bMir Publishers
_c1974
300 _a627p
650 _aChemistry
942 _cBK
999 _c2113
_d2113